Kirjaimella E alkavia sanoja #2 - Statistics

Yleistilastot
  • Tätä visaa on pelattu 1 095 kertaa
  • Keskiarvotulos 13 / 20
Vastaustilastot
Määritelmä Sana % Oikein
Yhteiskunnan ulkopuolelle siirtynyt yksin elävä henkilö Erakko
93%
Krooninen sairaus, johon liittyy neurologisia kohtauksia Epilepsia
89%
Laaja runomuotoinen sankarillinen teos Eepos
86%
Välitavoite tai reitin pysähdyspiste Etappi
86%
Tarkoituksellinen kivuttoman kuoleman tuottaminen parantumattomasti sairaalle Eutanasia
86%
Suuri Australiassa elävä lentokyvytön lintu Emu
85%
Suomen lainsäädäntövaltaa käyttävä elin Eduskunta
83%
Asumaton tai autio seutu Erämaa
70%
Toinen nimitys soikiolle Ellipsi
63%
Virheellinen tai joustamaton käsitys tietystä ihmisryhmästä Ennakkoluulo
61%
Eläkkeelle jääneen professorin nimitys Emeritus
60%
Lyhyehkö pohtiva asiateksti Essee
58%
Roolimalli, jonka toimintaa jäljitellään Esikuva
57%
Pesäpallossa pesältä toiselle pyrkivä pelaaja Etenijä
57%
Nimitys Jeesuksesta kertovalle Raamatun kirjalle Evankeliumi
53%
Muuntajan toinen käämi toisiokäämin ohella {Ensiö}käämi
49%
Kreikkalaisten aakkosten viides kirjain Epsilon
39%
Kova ja sisältä tumma trooppisten alueiden puulaji Eebenpuu
33%
Heimopäällikkö arabimaissa Emiiri
30%
Erityinen ja vaikuttava myönteinen henkilökohtainen kokemus Elämys
21%
Ehtoja vastaavia visoja ei löytynyt
Tulosjakauma
Jokaisen tuloksen saaneiden osuus
Persentiili vastausten määrän mukaan
Tuloshistoriasi
Et ole pelannut tätä visaa